Statistiche per Riconosci lo Stato - Quiz n°24

Clicka qui per fare il quiz!

Statistiche generali

  • Questo quiz è stato fatto 20 volte
  • Il punteggio medio è 9 su 13

Statistiche sulle risposte

IndizioRisposta% Corretto
ValutaEscudo
95%
Iniziale della CapitaleP
95%
Presidente della RepubblicaJosé Maria Neves
89%
Popolazione539 560 ab.
74%
Indipendenzadal Portogallo il 5 luglio 1975
74%
Primo ministroUlisses Correia e Silva
74%
Superficie4 033 km²
68%
Fuso OrarioUTC-1
68%
Forma di GovernoRepubblica semipresidenziale
58%
ISU0,648
53%
Tasso di crescita1,428%
47%
PIL (nominale)1 823 milioni di $ (2012)
47%
RispostaCapo Verde
47%

Distribuzione punteggi

Percentile per numero di risposta

Percentuale di utenti per punteggio

I tuoi punteggi nel tempo

Non hai fatto questo quiz